[Event "Seville op 40th"]
[Site "Seville"]
[Date "2015.01.25"]
[Round "2"]
[White "Rios Gallardo, Guillermo"]
[Black "Matamoros Franco, Carlos S"]
[Result "0-1"]
[WhiteElo "2007"]
[BlackElo "2523"]
[PlyCount "48"]
[EventDate "2015.01.25"]
[EventType "swiss"]
[EventRounds "9"]
[EventCountry "ESP"]
[SourceTitle "CBM 164 Extra"]
[Source "ChessBase"]
[SourceDate "2015.03.02"]
[SourceVersion "1"]
[SourceVersionDate "2015.03.02"]
[SourceQuality "1"]

1. e4 e6 2. d4 d5 3. Nc3 Nf6 4. e5 Nfd7 5. f4 c5 6. Nf3 Nc6 7. Be3 Be7 8. Be2 0-0 9. 0-0 f6 10. exf6 Nxf6 11. Ne5 Nxd4 12. Bxd4 cxd4 13. Qxd4 Nd7 14. Kh1 Bc5 15. Qd2 Nxe5 16. fxe5 Bd7 17. Bd3 Qh4 18. Qe2 a6 19. Rae1 Bf2 20. Rd1 Rf4 21. h3 Bc6 22. Rxf2 Rxf2 23. Qe1 Raf8 24. Kg1 Qg3 0-1